| 000 -LEADER |
| fixed length control field |
00668nam a2200181Ia 4500 |
| 001 - CONTROL NUMBER |
| control field |
1764 |
| 003 - CONTROL NUMBER IDENTIFIER |
| control field |
GE_BSU |
| 008 - FIXED-LENGTH DATA ELEMENTS--GENERAL INFORMATION |
| fixed length control field |
181216s||||||||xx |||||||||||||| ||und|| |
| 040 ## - CATALOGING SOURCE |
| Transcribing agency |
GE_BSU |
| 080 ## - UNIVERSAL DECIMAL CLASSIFICATION NUMBER |
| Universal Decimal Classification number |
336.1/5 |
| 245 ## - TITLE STATEMENT |
| Title |
საქართველოს ახალი საგადასახადო კოდექსი. |
| 245 ## - TITLE STATEMENT |
| Remainder of title |
(უახლესი ცვლილებებით და დამატებებით) |
| 260 ## - PUBLICATION, DISTRIBUTION, ETC. |
| Place of publication, distribution, etc. |
თბილისი |
| 260 ## - PUBLICATION, DISTRIBUTION, ETC. |
| Date of publication, distribution, etc. |
2011 |
| 300 ## - PHYSICAL DESCRIPTION |
| Extent |
267 გვ. 20 სმ. |
| 653 ## - INDEX TERM--UNCONTROLLED |
| Uncontrolled term |
ახალი საგადასახო კოდექსი საქართველოს |
| 942 ## - ADDED ENTRY ELEMENTS (KOHA) |
| Koha item type |
წიგნი |